000 00647nam a2200181Ia 4500
008 100921s9999 xx 000 0 und d
082 _b29046
_a891.463 थ 95
100 _aराजे नयना.
245 _aअनोख्या वाटा.
260 _bनवचैतन्य प्रकाशन, मुंबई.
_c1995
300 _a191
_bरसिक साहित्य,पुणे
365 _b70
520 _aललित-कादंबरी.
630 _aअनोख्या वाटा.
650 _aललित-कादंबरी.
730 _aअनोख्या वाटा.
942 _cBOOK
999 _c778159
_d778156